000 00464nam a2200193Ia 4500
005 20250423095832.0
008 250422s9999 xx 000 0 und d
020 _a9781466572249
050 _aQP 141 .B38/
100 _aBender, David A.
245 0 _aIntroduction to nutrition and metabolism
250 _a5th ed.
260 _aBoca Raton
260 _bCRC Press
260 _c2014
300 _a404 p
650 _a Nutrition. Metabolism
942 _cBK
999 _c31478
_d31478